| 000 | 00376pab a2200133 454500 | ||
|---|---|---|---|
| 008 | 180718b2006 xxu||||| |||| 00| 0 eng d | ||
| 100 | _aNesiah, Vasuki | ||
| 245 | _aResistance in the age of empire: occupied discourse pending investigation | ||
| 260 | _c2006 | ||
| 300 | _ap.903-22. | ||
| 650 | _aResistance to oppression | ||
| 773 | _aThird World Quarterly | ||
| 909 | _a72921 | ||
| 999 |
_c72921 _d72921 |
||